The life and adventures of Nicholas Nickleby

Novela dramática que narra la historia de Nicholas Nickleby, un joven que tras la muerte de su padre debe buscar la manera de auxiliar económicamente a su madre y hermana al verse en dificultades económicas tras su único pariente se niega a ayudarlos y se vuelve antagonistas contra él, forzando al j...

Ful tanımlama

Kaydedildi:
Detaylı Bibliyografya
Yazar: Dickens, Charles
Materyal Türü: Kitap
Dil:Undetermined
Baskı/Yayın Bilgisi: New York, Estados Unidos Signet 1982
Konular:
Etiketler: Etiketle
Etiket eklenmemiş, İlk siz ekleyin!

MARC

LEADER 00000nam a2200000Ia 4500
008 170316s9999 xx 000 0 und d
040 |a cru BVZT 
090 |a 820 D-5L 
100 |a Dickens, Charles 
245 4 |a The life and adventures of Nicholas Nickleby 
260 |a New York, Estados Unidos 
260 |b Signet 
260 |c 1982 
300 |a 843 páginas 
520 |a Novela dramática que narra la historia de Nicholas Nickleby, un joven que tras la muerte de su padre debe buscar la manera de auxiliar económicamente a su madre y hermana al verse en dificultades económicas tras su único pariente se niega a ayudarlos y se vuelve antagonistas contra él, forzando al joven a intentar de resolver los problemas por sí mismo. 
650 |a LITERATURA INGLESA  |9 12 
999 |c 6865  |d 6865 
942 |c 15 D  |h 820 D-5L  |2 z